| 000 | 01210nam a2200289Ia 4500 | ||
|---|---|---|---|
| 003 | GCL | ||
| 005 | 20240530110116.0 | ||
| 008 | 140319s9999 xx 000 0 ara d | ||
| 020 | _a?101410977 | ||
| 040 |
_aGCL / _cGCL |
||
| 082 | 0 | 4 |
_a953.073 _bق/س ح |
| 100 | 1 | _aالسيوطى : جلال الدين ابوالفضل عبدالرحمن بن ابى بكر بن محمد الخضيرى | |
| 245 | 1 | 0 |
_aحسن المحاضرة فى تاريخ مصر والقاهرة / _cالسيوطى : جلال الدين ابوالفضل عبدالرحمن بن ابى بكر بن محمد الخضيرى |
| 260 |
_aالقاهرة : _bدار الفكر العربى ، _c1998 |
||
| 300 |
_a2 مج ؛ _c24 سم |
||
| 650 | 0 | 4 |
_aمصر _xالاحوال الاجتماعية _zالعصر الفاطمى |
| 650 | 0 | 4 | _aالاثار الاسلامية |
| 650 | 0 | 4 | _aالاثار الفرعونية |
| 650 | 0 | 4 | _aالملوك والحكام |
| 650 | 0 | 4 | _aالاسكندرية |
| 650 | 0 | 4 | _aفتح العرب لمصر |
| 650 | 0 | 4 | _aالفقهاء المالكية |
| 650 | 0 | 4 | _aالامراء |
| 650 | 0 | 4 | _aالفقهاء الشافعية |
| 700 | 1 | _aمحمد ابوالفضل ابراهيم | |
| 942 |
_2ddc _cBK |
||
| 999 |
_c58624 _d58624 |
||